|
|
|
|
| LEADER |
00877nam a22002413 4500 |
| 001 |
c000231276 |
| 003 |
CARM |
| 005 |
20070321140701.0 |
| 008 |
920904s1973 gw 000 0 eng d |
| 019 |
1 |
|
|a 9264464
|5 LACONCORD2021
|
| 035 |
|
|
|a (OCoLC)221344298
|5 LACONCORD2021
|
| 040 |
|
|
|a VU
|b eng
|c VU
|
| 100 |
1 |
|
|a Schmidt, W.
|
| 245 |
1 |
0 |
|a Ferritic stainless steels with 17% Cr /
|c W. Schmidt and O. Jarleborg.
|
| 260 |
|
|
|a [Düsseldorf :
|b Climax Molybdenum,
|c 1973?].
|
| 300 |
|
|
|a 80 p. :
|b ill. ;
|c 30 cm.
|
| 500 |
|
|
|a Includes bibliography.
|
| 650 |
|
0 |
|a Chrome steel
|
| 650 |
|
0 |
|a Steel, Stainless
|
| 650 |
|
0 |
|a Chromium-molybdenum steel
|
| 852 |
8 |
|
|b CARM
|h A1:AQ05C0
|i F01655
|p 0319791
|f BK
|
| 999 |
f |
f |
|i 84550536-d3b0-50f5-a94f-4bcd8602b6d7
|s 29654dc0-7da7-5bd6-958e-4eb7cb5c24b5
|
| 952 |
f |
f |
|p Can circulate
|a CAVAL
|b CAVAL
|c CAVAL
|d CARM 1 Store
|e F01655
|f A1:AQ05C0
|h Other scheme
|i book
|m 0319791
|